000 00430nam a2200181Ia 4500
001 8001
005 20260306160537.0
008 260306t2008||||xx |||||||||||||| ||spa||
041 _aESP
082 _a370
_bN94
100 _aNúñez Cubero, Luis
_eAUT
245 0 _aPensar la educación:
_bconceptos y opciones fundamentales
260 _c2008
300 _a
_c
650 _aGEN
654 _aCED
942 _cLIB
_dJUS
_fJUS
_2ddc
_n
999 _c8001
_d8001